000 01011nam2a2200229 4500
001 rc\2839687
005 20260315045741.0
035 _a(NLR Aleph) 006997292
090 _a13574471
_c13574471
100 _a20110629d1932 u y0rusy50 ca
101 0 _arus
102 _aRU
105 _aa z |||||
200 0 _aЗадания 8, 9, 10
210 _d1932
215 _aТит. л., 137 с.
_cчерт.
461 0 _1001rc\2839682
_12000#$aАналитическая геометрия$fпроф. Бюшгенс, С.С.$g... I концентр$vЗадания 8, 9, 10
_95685591
_aМосковский государственный университет им. М.В. Ломоносова. Заочный сектор
_cМосква
_d1932
_fпроф. Бюшгенс, С.С.
_nлитогр. им. К. Ворошилова
_tАналитическая геометрия
_vЗадания 8, 9, 10
801 0 _aRU
_bNLR
_gpsbo
801 1 _aRU
_bELAR
_2rusmarc
852 _aNLR
_j32-20/73(8)
942 _cUNSPEC
980 _aNB